| 000 | 00771cam a2200217 a 4500 | ||
|---|---|---|---|
| 001 | 15310388 | ||
| 005 | 20250613120949.0 | ||
| 008 | 080530s2008 couab b 000 0 eng | ||
| 020 | _a9781400074419 | ||
| 050 | 0 | 0 |
_aBS649.E63 _bJ45 2008 |
| 082 | 0 | 0 |
_a236/.9 _222 |
| 100 | 1 | _aJeffrey, Grant R. | |
| 245 | 1 | 0 |
_aCountdown to the Apocalypse : _blearn to read the signs, the last days have begun / _cGrant R. Jeffrey. |
| 250 | _a1st ed. | ||
| 260 |
_aColorado Springs, Colo. : _bWaterBrook Press, _c2008. |
||
| 300 |
_aviii, 226 p. : _bill., maps ; _c23 cm. |
||
| 650 | 0 |
_aEnd of the world _xBiblical teaching. |
|
| 650 | 0 |
_aSecond Advent _xBiblical teaching. |
|
| 856 | 4 | 1 |
_3Table of contents only _uhttp://www.loc.gov/catdir/toc/ecip0820/2008024105.html |
| 942 |
_2lcc _cBK _n0 |
||
| 999 |
_c6452 _d6452 |
||